| 000 | 00972nam a2200265 i 4500 | ||
|---|---|---|---|
| 001 | 77878 | ||
| 003 | ES-MaACL | ||
| 005 | 20240418063110.0 | ||
| 007 | t| | ||
| 008 | 041112s1935 sp ||||1| spa d | ||
| 040 | _cES-MaACL | ||
| 080 | _a087.5:238.1 | ||
| 100 | 1 |
_aQuinet, Charles. _994642 _eaut |
|
| 245 | 1 | 0 |
_aMi catecismo : _bprimera iniciación cristiana por el método evangélico / _cCarlos Quinet ; ilustraciones de Pedro Rousseau; versión castellana por Cipriano Montserrat. |
| 260 |
_aBarcelona : _bJosé Vilamana, _c1935. |
||
| 300 |
_a92 páginas : _bilustraciones ; _c22 cm |
||
| 650 | 0 |
_aCatequesis- _9235838 _vManuales para niños- _xIglesia Evangélica Española |
|
| 655 | 7 |
_9234608 _aCatecismos |
|
| 700 | 1 |
_aRousseau, Pedro. _9100060 _eill |
|
| 700 | 1 |
_aMontserrat, Cipriano. _982736 _etrl |
|
| 852 |
_aES-MaACL _bR.133683 _cDEPO2 _jE-10355 |
||
| 942 |
_cMONOGRAFIA _n0 |
||
| 999 |
_c77878 _d77878 |
||